Escola de contas e o controle social na formação profissional / (Record no. 372)

MARC details
000 -LÍDER
Campo Fixo de Controle 00839nam a2200241 a 4500
001 - NÚMERO DE CONTROLE
Campo de Controle 372
003 - IDENTIFICAÇÃO DO NÚMERO DE CONTROLE
Campo de Controle BR-CuiBMT
005 - DATA E HORA DA ÚLTIMA ATUALIZAÇÃO
Campo de Controle 20231103131013.0
008 - DADOS FIXOS
Dados Fixos 231102s2018 mgba 000 0 por d
020 ## - INTERNATIONAL STANDARD BOOK NUMBER
Nº do ISBN 9788545004479
040 ## - AGÊNCIA CATALOGADORA
Código da Agência Catalogadora BR-CuiBMT
Agência que transcreveu o registro BR-CuiBMT
080 ## - Nº DA CLASSIFICAÇÃO DECIMAL UNIVERSAL
Nº edição CDU 2007
Nº Class. CDU 351.94:336.148
090 ## - NÚMERO DE CHAMADA
Nº classificação 351.94:336.148
Cutter S729e
100 1# - ENTRADA PRINCIPAL -- AUTOR PESSOAL
Nome pessoal Souza, Patrícia Verônica Nunes Carvalho Sobral de
245 10 - TÍTULO PRINCIPAL
Título principal Escola de contas e o controle social na formação profissional /
Indicação de responsabilidade Patrícia Verônica Nunes Carvalho Sobral de Souza ; prefácio Sebastião Helvecio Ramos de Castro.
260 ## - PUBLICAÇÃO, DISTRIBUIÇÃO, ETC.
Local de publicação Belo Horizonte :
Editora Fórum,
Data 2018.
300 ## - DESCRIÇÃO FÍSICA
N. páginas ou volumes 268 p. ;
Dimensões 22 cm
504 ## - NOTA DE BIBLIOGRAFIA, ETC.
Nota de bibliografia Inclui bibliografia.
650 ## - ASSUNTO TÓPICO
Cabeçalho tópico ou nome geográfico Administração pública
Subdivisão de forma Escolas de contas
650 ## - ASSUNTO TÓPICO
Cabeçalho tópico ou nome geográfico Formação profissional
650 ## - ASSUNTO TÓPICO
Cabeçalho tópico ou nome geográfico Direito público
942 ## - ELEMENTOS DE ENTRADA ADICIONAIS (KOHA)
Fonte de classificação ou esquema de arquivamento Classificação Decimal Universal
Tipo de item do Koha Livros
Holdings
Estado: removido Estado: perdido Fonte de classificação ou esquema de arquivamento Estado: danificado Indisponível para empréstimo Localização permanente Localização atual Data de aquisição Total Checkouts Número de Chamada completo Código de barras Date last seen Número do exemplar Preço efetivo a partir de Tipo de item (Koha)
    Classificação Decimal Universal     Biblioteca da Escola Superior de Contas do TCE/MT Biblioteca da Escola Superior de Contas do TCE/MT 02/11/2023   351.94:336.148 S729e BIBTCEMT23110070 02/11/2023 Ex. 1 02/11/2023 Livros
    Classificação Decimal Universal     Biblioteca da Escola Superior de Contas do TCE/MT Biblioteca da Escola Superior de Contas do TCE/MT 15/08/2019   351.94:336.148 S729e BIBTCEMT23110083 03/11/2023 Ex. 2 03/11/2023 Livros
    Classificação Decimal Universal     Biblioteca da Escola Superior de Contas do TCE/MT Biblioteca da Escola Superior de Contas do TCE/MT 01/11/2019   351.94:336.148 S729e BIBTCEMT23110084 03/11/2023 Ex. 3 03/11/2023 Livros
    Classificação Decimal Universal     Biblioteca da Escola Superior de Contas do TCE/MT Biblioteca da Escola Superior de Contas do TCE/MT 01/11/2019   351.94:336.148 S729e BIBTCEMT23110085 03/11/2023 Ex. 4 03/11/2023 Livros

Powered by Koha